banner koha

Filtros de areia: erros e falhas (Registro n. 329157)

MARC details
000 -LÍDER
fixed length control field 00808nab a2200265 4500
003 - CÓDIGO MARC DA AGÊNCIA CATALOGADORA
Campo de controle BR-BrBNA
005 - DATA E HORA DA ÚLTIMA ATUALIZAÇÃO
Campo de controle 20241210215441.0
008 - CAMPO DE TAMANHO FIXO
fixed length control field 241210b bl.||||| |||| 00| 0 por d
040 ## - FONTE DA CATALOGAÇÃO
Agência catalogadora BR-BrBNA
Idioma da catalogação por
072 ## - CATEGORIA AGRIS
Código AGRIS F06 ; P10 ; N20
Código do objeto 4630
100 ## - ENTRADA PRINCIPAL - NOME PESSOAL
Nome pessoal Testezlaf, Roberto
100 ## - ENTRADA PRINCIPAL - NOME PESSOAL
Nome pessoal Deus, Fábio P. de
100 ## - ENTRADA PRINCIPAL - NOME PESSOAL
Nome pessoal Mesquita, Márcio
245 ## - TÍTULO PRINCIPAL
Título principal Filtros de areia: erros e falhas
500 ## - NOTA GERAL
Nota geral 5 illus.
942 ## - ADDED ENTRY ELEMENTS (KOHA)
Koha item type Analítica
520 ## - NOTA DE RESUMO
Nota de conteúdo FILTRO DE AREIA
650 ## - ASSUNTO - THESAGRO
Cabeçalho tópico ou nome geográfico IRRIGAÇÃO LOCALIZADA
650 ## - ASSUNTO - THESAGRO
Cabeçalho tópico ou nome geográfico EQUIPAMENTO DE IRRIGAÇÃO
650 ## - ASSUNTO - THESAGRO
Cabeçalho tópico ou nome geográfico FILTRO
650 ## - ASSUNTO - THESAGRO
Cabeçalho tópico ou nome geográfico TRATAMENTO DA ÁGUA
650 ## - ASSUNTO - THESAGRO
Cabeçalho tópico ou nome geográfico ASSISTÊNCIA TÉCNICA
773 0# - ENTRADA ANALÍTICA
Host Biblionumber 4820
Registro do item 344689
Imprenta Votuporanga/SP IRRIGAZINE 2009
Outro identificador 2024-5021
Título Irrigazine (Brazil)
Colação v. 9(34) p. 28-30; (Dec 2013)
Número de controle de registro BR2024003896

Nenhum exemplar disponível.

BINAGRI

Telefone: (61)3218-2567/2388/3357/2097 - binagri@agro.gov.br

Ministério da Agricultura e Pecuária , Esplanada dos Ministérios, Bloco D, Anexo B, Brasília/DF, CEP: 70.043-900